El mundo perdido = The Lost World /

Gespeichert in:
Bibliographische Detailangaben
1. Verfasser: Hoyt, Harry O. (realización)
Weitere Verfasser: O'Brien, Willis H. (realización) (realización), Fairfax, Marion (guión) (guión), Edeson, Arthur (fotógrafo) (fotógrafo), McGuire, George (montaje) (montaje), Love, Bessie (actuación) (actuación), Stone, Lewis (actuación) (actuación), Beery, Wallace (actuación) (actuación)
Format: Dia
Sprache:Englisch
Veröffentlicht: EUA : First National Pictures, 1925, c1925
Schriftenreihe:(Clásicos del Cine Eurolatinoamericana)
Schlagworte:
Tags: Tag hinzufügen
Keine Tags, Fügen Sie das erste Tag hinzu!

MARC

LEADER 00000ngm^a2200000^a^4500
001 000183582
005 20250521000000.0
009 20260310102044.884
037 |a Acervo ITESO - Biblioteca 
041 |a ING 
082 |a 810.  |b HOY 
100 |a Hoyt, Harry O.  |e (realización) 
245 1 3 |a El mundo perdido =  |b The Lost World /  |c Realización de H.O. Hoyt, W.H. O'Brien. 
264 4 |a EUA :  |b First National Pictures,  |c 1925, c1925 
264 2 |a México :  |b Eurolatinoamericana [distribución],  |c 2005, c2005 
300 |a 1 DVD multirregión  |c (51 min.) 
336 |a imagen móvil bidimensional  |b tdi  |2 rdacontenido 
337 |a video  |b v  |2 rdamedio 
338 |a videodisco  |b vd  |2 rdasoporte 
440 1 |a (Clásicos del Cine Eurolatinoamericana) 
500 |a Basado en: El mundo perdido, de Arthur Conan Doyle 
546 |a Intertítulos en inglés, con subtítulos en español 
649 |a XX 
650 |a Cine de Aventuras 
650 |a Películas de Ciencia-Ficción 
650 |a Cine Fantástico 
650 |a Cortometrajes y Mediometrajes Norteamericanos 
650 |a Cine Norteamericano -  |y 1920-1929 
650 |a Cine Norteamericano -  |y Siglo XX 
650 |a Cine Mudo -  |z EUA 
650 |a Cine en Blanco y Negro -  |z EUA 
650 |a Escritores Ingleses 
650 |a Exploradores y Viajeros 
650 |a Científicos 
650 |a Novela Inglesa -  |x Adaptaciones para Cine 
650 |a Literatura Inglesa -  |y Siglo XX -  |x Adaptaciones para Cine 
650 |a Literatura y Cine 
650 |a Dinosaurios 
650 |a Expediciones Científicas 
650 |a Viajes y Travesías 
650 |a Selvas 
650 |a Etnocentrismo 
650 |a Doyle, Arthur Conan 
700 |a O'Brien, Willis H.  |e (realización) 
700 |a Fairfax, Marion  |e (guión) 
700 |a Edeson, Arthur  |e (fotógrafo) 
700 |a McGuire, George  |e (montaje) 
700 |a Love, Bessie  |e (actuación) 
700 |a Stone, Lewis  |e (actuación) 
700 |a Beery, Wallace  |e (actuación) 
910 |a Fondo General 
920 |a Audiovisuales - DVDs 
940 |a Películas 
905 |a 302 
901 |a 0500088669  |b IT2  |c DVS  |u 20250521 
902 |a https://opac.biblio.iteso.mx/vufind/Record/000183582